Melukut kota

Bibliographic Details
Main Author: Azizi Haji Abdullah
Format: Book
Published: Kuala Lumpur : Creative Enterprise Sdn.Bhd. , 1995
Series:Novel klasik

MARC

LEADER 00000cam a2200000 7i4500
001 0000007653
002 000008222
005 20000330.0
020 |a 9838932523 
090 0 0 |a F   |b AZI 
100 0 |a Azizi Haji Abdullah 
245 1 0 |a Melukut kota   |c Azizi Hj.Abdullah 
260 |a Kuala Lumpur :   |b Creative Enterprise Sdn.Bhd. ,   |c 1995 
300 |a 129 p. ;   |c 18 cm. 
490 0 |a Novel klasik 
999 |a 052117   |b BUKU   |c PINJAMAN   |e PERPUSTAKAAN KOMUNITI PETALING JAYA 
999 |a 052118   |b BUKU   |c PINJAMAN   |e PERPUSTAKAAN KOMUNITI PETALING JAYA 
999 |a 052119   |b BUKU   |c PINJAMAN   |e PERPUSTAKAAN KOMUNITI PETALING JAYA 
999 |a 098850   |b BUKU   |c FICTION   |e PERPUSTAKAAN KOMUNITI PETALING JAYA